Jujutsu Kaisen Personnages - Statistiques

Statistiques générales
  • Ce quiz a été pris 1 623 fois
    23 depuis la dernière actualisation
  • Le résultat moyen est 40 sur 138
Statistiques - réponses
Affiliation Indice Réponse % Correct
École d'Exorcisme de Tokyo Ancien Élève Yu Haibara
100%
École d'Exorcisme de Tokyo Élève de Seconde Megumi Fushiguro
93%
École d'Exorcisme de Tokyo Élève de Seconde Yuji Itadori
93%
École d'Exorcisme de Tokyo Élève de Première Maki Zenin
87%
École d'Exorcisme de Tokyo Élève de Seconde Nobara Kugisaki
87%
École d'Exorcisme de Tokyo Élève de Première Panda
87%
Roi des Fléaux Relique Ryomen Sukuna
87%
École d'Exorcisme de Tokyo Personnel Satoru Gojo
87%
Fœtus des Neuf Phases Objet Maudit Choso
80%
Groupe de Mahito Fléaux Jogo
80%
Citoyen du Japon Non-Exorciste Ken
80%
Groupe de Mahito Maître des Fléaux Kenjaku
80%
Groupe de Mahito Fléaux Hanami
73%
Exorciste Professionnel Exorciste Kento Nanami
73%
Participant de la Traque Meurtrière Exorciste L'Ange / Hana Kurusu
73%
École d'Exorcisme de Kyoto Élève de Première Mai Zenin
73%
Clan Zenin Exorciste Naoya Zenin
73%
Faction de Suguru Geto Maître des Fléaux Suguru Geto
73%
École d'Exorcisme de Tokyo Élève de Première Yuta Okkotsu
73%
École d'Exorcisme de Tokyo Personnel Akari Nitta
67%
École d'Exorcisme de Kyoto Élève de Terminale Aoi Todo
67%
Participant de laTraque Meurtrière Exorciste Hiromi Higuruma
67%
École d'Exorcisme de Kyoto Élève de Première Kasumi Miwa
67%
École d'Exorcisme de Tokyo Élève de Terminale Kinji Hakari
67%
Groupe de Mahito Fléaux Mahito
67%
Habitant de Kawasaki Non-Exorciste Shota Ito
67%
École d'Exorcisme de Tokyo Élève de Première Toge Inumaki
67%
Groupe de Mahito Fléaux Dagon
60%
École d'Exorcisme de Kyoto Élève de Première Kokichi Muta (Mechamaru)
60%
Exorciste Professionnel Exorciste Mei Mei
60%
Clan Zenin Exorciste Naobito Zenin
60%
Autre Exorciste Exorciste Tengen
53%
École d'Exorcisme de Kyoto Personnel Utahime Iori
53%
Exorciste Professionnel Exorciste Yuki Tsukumo
53%
École d'Exorcisme de Tokyo Personnel Masamichi Yaga
47%
École d'Exorcisme de Kyoto Élève de Terminale Momo Nishimiya
47%
Autre Maître des Fléaux Maître des Fléaux Toji Fushiguro
47%
Exorciste Professionnel Exorciste Ui Ui
47%
Participant de la Traque Meurtrière Exorciste Fumihiko Takaba
40%
Participant de laTraque Meurtrière Exorciste Hajime Kashimo
40%
Famille Itadori Non-Exorciste Jin Itadori
40%
Technique des Dix Ombres Familier Makora / Mahoraga
40%
Clan Zenin Exorciste Ogi Zenin
40%
Esprit Vengeur Fléaux Rika Orimoto
40%
École d'Exorcisme de Tokyo Personnel Shoko Ieiri
40%
École d'Exorcisme de Tokyo Élève de Terminale Kirara Hoshi
33%
École d'Exorcisme de Tokyo Personnel Kiyotaka Ijichi
33%
Clan Zenin Exorciste Ranta Zenin
33%
Participant de laTraque Meurtrière Exorciste Reggie Star / Lazy Star
33%
Exorciste Professionnel Exorciste Takuma Ino
33%
Clan Zenin Exorciste Jinichi Zenin
27%
Autre Exorciste Exorciste Junpei Yoshino
27%
Faction de Suguru Geto Maître des Fléaux Miguel
27%
École d'Exorcisme de Kyoto Élève de Terminale Noritoshi Kamo
27%
Plasma Stellaire Civile Riko Amanai
27%
Participant de la Traque Meurtrière Exorciste Takako Uro
27%
Citoyen du Japon Non-Exorciste John Bobby
20%
Famille Itadori Non-Exorciste Kaori Itadori
20%
Participant de laTraque Meurtrière Exorciste Remi
20%
Participant de la Traque Meurtrière Exorciste Ryu Ishigori
20%
Famille Fushiguro Non-Exorciste Tsumiki Fushiguro
20%
Autre Maître des Fléaux Maître des Fléaux Uraume
20%
Ancienne Camarade de Yuji Non-Exorciste Yuko Ozawa
20%
École d'Exorcisme de Tokyo Personnel Atsuya Kusakabe
13%
Participant de la Traque Meurtrière Exorciste Dhruv Lakdawalla
13%
Fœtus des Neuf Phases Objet Maudit Eso
13%
Amie de Nobara Non-Exorciste Fumi
13%
Autre Maître des Fléaux Maître des Fléaux Haruta Shigemo
13%
Faction de Suguru Geto Maître des Fléaux Mimiko Hasaba
13%
Gardienne du Plasma Stellaire Civile Misato Kuroi
13%
Faction de Suguru Geto Maître des Fléaux Nanako Hasaba
13%
Idole Non-Exorciste Nobuko Takada
13%
Créateur des Fœtus des Neuf Phases Exorciste Noritoshi Kamo
13%
Membre du Club de Spiritisme Non-Exorciste Takeshi Iguchi
13%
École d'Exorcisme de Kyoto Personnel Yoshinobu Gakuganji
13%
Collège Urami Higashi Non-Exorciste Aida
7%
École d'Exorcisme de Kyoto Élève de Seconde Arata Nitta
7%
Q Maître des Fléaux Bayer
7%
Incarné Peluche Cathy
7%
Participant de la Traque Meurtrière Exorciste Chizuru Hari
7%
Clan Zenin Exorciste Chojuro Zenin
7%
Collège Urami Higashi Non-Exorciste Fujinuma
7%
Citoyen du Japon Non-Exorciste Fujinuma
7%
Intermédiaire Non-Exorciste Gong Shi Woo
7%
Participant de laTraque Meurtrière Exorciste Haba
7%
Participant de laTraque Meurtrière Exorciste Hanyu
7%
Citoyen du Japon Non-Exorciste Hiroshi Yamato
7%
Habitant de Kawasaki Non-Exorciste Honda
7%
Citoyen du Japon Non-Exorciste Honoka
7%
Participant de la Traque Meurtrière Exorciste Iori Hazenoki
7%
Autre Maître des Fléaux Maître des Fléaux Jiro Awasaka
7%
Autre Maître des Fléaux Maître des Fléaux Juzo Kumiya
7%
Fœtus des Neuf Phases Objet Maudit Kechizu
7%
"Maître du Jeu" de la Traque Meurtrière Familier Kogane
7%
Q Maître des Fléaux Kokun
7%
Fœtus des Neuf Phases Objet Maudit Kotsuso
7%
Faction de Suguru Geto Maître des Fléaux Larue
7%
Faction de Suguru Geto Maître des Fléaux Manami Suda
7%
Habitant de Kawasaki Non-Exorciste Nagi Yoshino
7%
Autre Maître des Fléaux Maître des Fléaux Niji Ebina
7%
Habitant de Kawasaki Non-Exorciste Nishimura
7%
Clan Zenin Unité Kukuru Nobuaki Zenin
7%
Fœtus des Neuf Phases Objet Maudit Noranso
7%
Autre Maître des Fléaux Maître des Fléaux Ogami
7%
Citoyen du Japon Non-Exorciste Osamu Shimada
7%
Participant de laTraque Meurtrière Exorciste Rin Amai
7%
Secte de Suguru Geto Non-Exorciste Saito
7%
Citoyen du Japon Non-Exorciste Saito
7%
Fœtus des Neuf Phases Objet Maudit Sanso
7%
Amie de Nobara Non-Exorciste Saori
7%
Habitant de Kawasaki Non-Exorciste Sayama
7%
Membre du Club de Spiritisme Non-Exorciste Setsuko Sasaki
7%
Citoyen du Japon Non-Exorciste Shigeru Sonoda
7%
Citoyen du Japon Non-Exorciste Shimizu
7%
Fœtus des Neuf Phases Objet Maudit Sho-oso
7%
Fœtus des Neuf Phases Objet Maudit Shoso
7%
Habitant de Kawasaki Non-Exorciste Sotomura
7%
Esprit Vengeur Fléaux Sugawara no Michizane
7%
Citoyen du Japon Non-Exorciste Tadashi Okazaki
7%
Citoyen du Japon Non-Exorciste Taichi Kanada
7%
Habitant de Sendai Non-Exorciste Takagi
7%
Citoyen du Japon Non-Exorciste Takagi
7%
Collège Urami Higashi Non-Exorciste Takeda
7%
Incarné Peluche Takeru
7%
Citoyen du Japon Non-Exorciste Takeru
7%
Fœtus des Neuf Phases Objet Maudit Tanso
7%
Citoyen du Japon Chien Tasuke
7%
Faction de Suguru Geto Maître des Fléaux Toshihisa Negi
7%
Habitant de Kawasaki Non-Exorciste Tsubasa
7%
Incarné Peluche Tsukamoto
7%
Famille Itadori Non-Exorciste Wasuke Itadori
7%
Citoyen du Japon Non-Exorciste Yoshizawa
7%
Citoyen du Japon Non-Exorciste Chisaki Okazaki
0%
Citoyen du Japon Non-Exorciste Furudate
0%
Secte de Suguru Geto Non-Exorciste Kanemori
0%
Citoyen du Japon Non-Exorciste Keita Oe
0%
Participant de la Traque Meurtrière Fléaux Kurourushi
0%
Autre Maître des Fléaux Maître des Fléaux Petit-fils d'Ogami
0%
Aucun quiz correspondant
Distribution des résultats
% des personnes avec chaque résultat
Percentile par nombre de réponses
Votre historique - résultats
Vous n’avez pas pris ce quiz depuis la dernière actualisation